Comics & sequential art

Αποθηκεύτηκε σε:
Λεπτομέρειες βιβλιογραφικής εγγραφής
Κύριος συγγραφέας: Eisner, Will
Μορφή: Βιβλίο
Γλώσσα:English
Δημοσίευση: Tamarac, Florida : Poorhouse Press, 1990
Έκδοση:expanded ed.
Θέματα:
Ετικέτες: Προσθήκη ετικέτας
Δεν υπάρχουν, Καταχωρήστε ετικέτα πρώτοι!

MARC

LEADER 00000nam a2200000 i 4500
001 1/46819
008 040114s1990 eng d
020 |a 0-9614728-1-2 
035 |l 10071968 
040 |a GR-MY-UA  |b gre  |e aacr 
041 0 |a eng 
082 0 |a 741.5 
100 0 |a Eisner, Will. 
245 1 0 |a Comics & sequential art /  |c Will Eisner 
246 3 3 |a Comics and sequential art 
250 |a expanded ed. 
260 |a Tamarac, Florida :   |b Poorhouse Press,   |c 1990 
300 |a 164 p. 
650 0 0 |a Comic books, strips, etc.  |x Technique. 
650 0 0 |a Drawing  |x Technique. 
852 |a INST  |b RHODES  |e 20040114  |h 741.5 EIS  |p 005400019822  |q 005400019822  |t BK  |y 0 
901 |a BIBL4-2004-1 
909 |a Ρ  |b 107946 
922 |a 4ΕΛΗ  |b 200312  |c ΕΠΕΑΕΚ2/ΤΕΠΑΕΣ  |d ΜΙΧΑΛΟΠΟΥΛΟΣ 
950 |a 096-2003-10-23 
970 |a ΚΟΥΛΑΚΙΟΤΗ  |b ΛΙΤΣΑ  |z 2004/01/23